| 000 | 00867nmm a2200265 a 4500 | ||
|---|---|---|---|
| 001 | ocm000663656 | ||
| 003 | TR-IsHL | ||
| 005 | 20201028152407.0 | ||
| 008 | 150709s2000 tu tur | ||
| 007 | cr cn | ||
| 020 | _a9789757594413 | ||
| 035 |
_a663656 _b(N$T) |
||
| 050 | 0 | 4 |
_aPL248.T86 _bB3 2000 |
| 090 | 0 | 4 |
_aPL248.T86 _bB3 2000 |
| 100 | 1 | _aGöktürk Tunceroğlu, Ayşe | |
| 245 | 1 | 0 |
_aBayram kurabiyesi _h[electronic resource] / _cAyşe Göktürk Tunceroğlu |
| 260 |
_aİstanbul : _bTürk Edebiyatı Vakfı Yayınları, _c2000 |
||
| 300 | _a112 p. | ||
| 650 | 4 | _aDil ve Edebiyat | |
| 650 | 4 | _aLanguage and Literature | |
| 650 | 0 | _aTürk hikayeleri | |
| 650 | 0 | _aTurkish story | |
| 650 | 7 |
_aLITERARY COLLECTIONS / Middle Eastern _2bisacsh |
|
| 856 | 4 | 0 | _uhttp://search.ebscohost.com/login.aspx?direct=true&scope=site&db=e011xww&AN=663656 |
| 999 |
_c11503 _d11503 |
||